Priemyselná politika Európskej únie

Názorová diferenciácia v pohľade na priemysenú politiku. Zdôvodnenie potreby európskej priemyselnej politiky. Legislatívna úprava priemyselnej politiky. Počiatky európskej priemyselnej politiky. Odvetvia v kríze. Ostatné priemyselné odvetvia. Politika výskumu a vývoja. Energetická politika EÚ. Polit...

Ausführliche Beschreibung

Gespeichert in:
Bibliographische Detailangaben
1. Verfasser: Tomková, Beáta
Format: Buchkapitel
Sprache:Slowakisch
Schlagworte:
Tags: Tag hinzufügen
Keine Tags, Fügen Sie das erste Tag hinzu!

MARC

LEADER 00000naa$a2200000$$$4500
001 0044426
005 20240502071523.7
041 0 |a slo 
044 |a SK 
245 1 0 |a Priemyselná politika Európskej únie  |c Beáta Tomková 
520 |a Názorová diferenciácia v pohľade na priemysenú politiku. Zdôvodnenie potreby európskej priemyselnej politiky. Legislatívna úprava priemyselnej politiky. Počiatky európskej priemyselnej politiky. Odvetvia v kríze. Ostatné priemyselné odvetvia. Politika výskumu a vývoja. Energetická politika EÚ. Politika podpory malých a stredných podnikov v EÚ. 
610 2 0 |a Európska únia 
610 2 0 |a politika priemyselná 
610 2 0 |a reformy štruktúrne 
610 2 0 |a inovácia 
610 2 0 |a výskum 
610 2 0 |a energia 
610 2 0 |a podpora podnikania 
610 2 0 |a podnik malý 
610 2 0 |a podnik stredný 
610 2 0 |a politika hospodárska medzinárodná 
100 1 |a Tomková, Beáta